000 004430000a22001690004500
041 0 _aENG
082 0 4 _aG 278 M4789w
100 1 _aMcNairn, A. Stuart
245 1 0 _aWhy south América? / A. Stuart McNairn
260 _aLondon, Great Britain : Marshall, Morgan & Scott
300 _a144 Pag
001 8678
942 _cBK
999 _c38811
_d38811
336 _atexto
_btxt
_2rdacontent
337 _2rdamedia
_asin mediación
_bn
338 _2rdacarrier
_avolumen
_bnc